000 00426nam a2200133Ia 4500
008 100328s9999 xx 000 0 und d
082 _b40857
100 _aचितळे बाळ
245 _aवैमानिक गूढकथा
260 _bकेसरी मुद्रणालय
630 _aवैमानिक गूढकथा
730 _aवैमानिक गूढकथा
942 _cBOOK
999 _c529564
_d529561